000 00287nam a2200109Ia 4500
001 587482
005 20250717113817.0
008 250717s9999 xx 000 0 und d
245 0 _aX-8 KİM İSTER ATEŞ OLMADAN YAŞAMAYI
_cALEX WOOLF
260 _bTÜBİTAK YAYINLARI
_c2020
300 _b20
999 _c587482
_d587482